000
00257nam a2200109Ia 4500
005
20251222114408.0
008
251222s1900||||xx |||||||||||||| ||spa||
082
_a
DVD0060/B81/2002/Ej.2
245
0
_a
Pinocho
264
_b
Melampo Cinematografica
942
_c
DVD
999
_c
1925
_d
1925